Southville International School and Colleges
Your cart is empty.
  • Cart
  • Lists
    Public lists Eva Luna New books Lux_list list_1
    Your lists Log in to create your own lists
  • Log in to your account
  • Your cookies
  • Search history
Southville International School and Colleges
  • Advanced search
  • Recent comments
  • Most popular
  • Libraries

Log in to your account

Log in with GOOGLE


If you do not have an external account, but do have a local account, you can still log in:

  1. Home
  2. MARC view: The human body /
Normal view MARC view ISBD view

The human body / (Record no. 110245)

[ view plain ]
MARC details
000 -LEADER
fixed length control field 00601nam a2200193 a 4500
001 - CONTROL NUMBER
control field 3481
005 - DATE AND TIME OF LATEST TRANSACTION
control field 20140414131852.0
008 - FIXED-LENGTH DATA ELEMENTS--GENERAL INFORMATION
fixed length control field 040715s19uu xx 00 eng d
020 ## - INTERNATIONAL STANDARD BOOK NUMBER
International Standard Book Number 81-7582-042-X
050 ## - LIBRARY OF CONGRESS CALL NUMBER
Classification number M 611
Item number H88 2001
100 ## - MAIN ENTRY--PERSONAL NAME
Personal name Sunita, Jayanthi A.
245 ## - TITLE STATEMENT
Title The human body /
Statement of responsibility, etc writers Jayanthi A. Sunita Purushothaman & Vimal Sardana.
260 ## - PUBLICATION, DISTRIBUTION, ETC. (IMPRINT)
Place of publication, distribution, etc New Delhi, India :
Name of publisher, distributor, etc Bluebird Books,
Date of publication, distribution, etc 2001.
300 ## - PHYSICAL DESCRIPTION
Extent 48 p. : ill. ; cm.
440 ## - SERIES STATEMENT/ADDED ENTRY--TITLE
Title The Child's Reference
650 ## - SUBJECT ADDED ENTRY--TOPICAL TERM
Topical term or geographic name as entry element Human anatomy
General subdivision Juvenile literature.
650 ## - SUBJECT ADDED ENTRY--TOPICAL TERM
Topical term or geographic name as entry element Human body
General subdivision Juvenile literature.
Holdings
Withdrawn status Lost status Damaged status Use restrictions Home library Current library Shelving location Date acquired Source of acquisition Total Checkouts Full call number Barcode Date last seen Price effective from Koha item type
        Munich Library Munich Library Main Section 07/15/2004     M 611 H88 2001 M0586 04/14/2014 04/14/2014 Books

The human body /

APA

Sunita J. A., . (2001). The human body. New Delhi, India: Bluebird Books.

Chicago

Sunita Jayanthi A, . 2001. The human body. New Delhi, India: Bluebird Books.

Harvard

Sunita J. A., . (2001). The human body. New Delhi, India: Bluebird Books.

MLA

Sunita Jayanthi A, . The human body. New Delhi, India: Bluebird Books. 2001.

  • Place hold
  • Print
  • Cite
  • Add to your cart (remove)
  • Save record
    BIBTEX Dublin Core MARCXML MARC (non-Unicode/MARC-8) MARC (Unicode/UTF-8) MARC (Unicode/UTF-8, Standard) MODS (XML) RIS
  • More searches
    Search for this title in:
    Other Libraries (WorldCat) Other Databases (Google Scholar) Online Stores (Bookfinder.com) Open Library (openlibrary.org)

Exporting to Dublin Core...

SOUTHVILLE LIBRARY

Southville International School and Colleges Library

1281 Tropical Ave. Cor. Luxembourg St., BF Homes International, Las Pinas City

Tel. No. 8256374 / 252358 Loc. 117/146

Powered by Koha